000 00283nam a2200121Ia 4500
005 20251222144712.0
008 251222s9999||||xx |||||||||||||| ||spa||
020 _a978-612-4048-58-6
082 _a336.2/E92/2011
245 0 _aManual Tributario 2011
264 _bTinco
942 _cLIB
999 _c17882
_d17882